Рынок ценных бумаг: учебное пособие

Détails bibliographiques
Auteur principal: Едронова В. Н. Валентина Николаевна
Autres auteurs: Новожилова Т. Н. Татьяна Николаевна
Résumé:В учебном пособии рассмотрены основные понятия и институты инфраструктуры фондового рынка, долевые (акции и инвестиционные паи) и долговые (облигации, сертификаты банков, векселя) ценные бумаги. Дана сравнительная характеристика различных моделей рынка, показа ны особенности национальных рынков ценных бумаг. Приведены типовые ситуации по оценке доходности операций с акциями, облигациями, сертификатами банков, векселями. Даны задания для самостоятельной работы, тесты для самоконтроля и контроля знаний.
Langue:russe
Publié: Москва, Магистр, 2009
Sujets:
Format: MixedMaterials Livre
KOHA link:https://koha.lib.tpu.ru/cgi-bin/koha/opac-detail.pl?biblionumber=167241

MARC

LEADER 00000nam0a2200000 4500
001 167241
005 20231031162737.0
010 |a 9785977600255 
035 |a (RuTPU)RU\TPU\book\181431 
090 |a 167241 
100 |a 20091014d2009 m y0rusy50 ca 
101 0 |a rus 
102 |a RU 
105 |a a j 000zy 
200 1 |a Рынок ценных бумаг  |e учебное пособие  |f В. Н. Едронова, Т. Н. Новожилова 
210 |a Москва  |c Магистр  |d 2009 
215 |a 684 с.  |c ил. 
330 |a В учебном пособии рассмотрены основные понятия и институты инфраструктуры фондового рынка, долевые (акции и инвестиционные паи) и долговые (облигации, сертификаты банков, векселя) ценные бумаги. Дана сравнительная характеристика различных моделей рынка, показа ны особенности национальных рынков ценных бумаг. Приведены типовые ситуации по оценке доходности операций с акциями, облигациями, сертификатами банков, векселями. Даны задания для самостоятельной работы, тесты для самоконтроля и контроля знаний. 
606 1 |a Рынок ценных бумаг  |2 stltpush  |3 (RuTPU)RU\TPU\subj\36887 
610 1 |a экономика 
610 1 |a экономические отношения 
610 1 |a сбережения 
610 1 |a инвестиции 
610 1 |a ценные бумаги 
610 1 |a фондовый рынок 
610 1 |a инвесторы 
610 1 |a эмитенты 
610 1 |a эмиссионная деятельность 
610 1 |a корпоративные ценные бумаги 
610 1 |a размещение 
610 1 |a финансовые посредники 
610 1 |a фондовая биржа 
610 1 |a долевые ценные бумаги 
610 1 |a доходность 
610 1 |a акции 
610 1 |a депозитарные расписки 
610 1 |a долговые ценные бумаги 
610 1 |a облигации 
610 1 |a сертификаты банков 
610 1 |a краткосрочные обязательства 
610 1 |a краткосрочные долговые бумаги 
610 1 |a тесты 
610 1 |a векселя 
610 1 |a учебные пособия 
686 |a У9(2)262.29я73  |v LBC/SL-A  |2 rubbk 
700 1 |a Едронова  |b В. Н.  |g Валентина Николаевна 
701 1 |a Новожилова  |b Т. Н.  |g Татьяна Николаевна 
801 1 |a RU  |b 63413507  |c 20091014 
801 2 |a RU  |b 63413507  |c 20121206  |g RCR 
900 |a Рынок ценных бумаг 
942 |c BK 
951 |b 080105 
959 |a 103/20091007  |d 1  |e 276,90  |f ЧЗГЛ:1